Statistics for Lidl PLU's

Click here to take the quiz!

General Stats

  • This quiz has been taken 129 times
  • The average score is 30 of 77

Answer Stats

HintAnswer% Correct
Cherries5
81%
Cucumber6
75%
Red Cabbage8
74%
Fig2
70%
Limes11
65%
Grapefruit10
61%
Pomegranate16
60%
Vine Tomato17
60%
Bananas30
60%
Baking Potatoes95
58%
White Cabbage64
56%
White Crusty Roll33
54%
Ginger56
54%
Sweet Potatoes24
53%
Butternut Squash20
51%
Spring Onions317
51%
Stonebaked Panini Roll38
51%
Honeydew Melon45
51%
Aubegine58
51%
Red Pepper83
51%
Pears50
49%
Apple Turnover55
49%
Garlic335
47%
Courgettes68
47%
Vegetable Pizza71
47%
Petit Pain36
46%
Galia Melon44
46%
Pineapple52
46%
Pistachio69
46%
Cheese Roll42
44%
Mango43
44%
French Baguette51
44%
Croissant70
44%
Red Apples26
42%
Cashews62
42%
Almonds67
42%
Pain au Chocolate81
42%
Jam Doughnut92
42%
Pretzel125
40%
Brownie323
40%
Hazelnut Croissant170
39%
Sandwich Baguette49
39%
Maple and Pecan Plait54
39%
Muffin141
37%
Tiger Loaf27
37%
Carrots342
37%
Margherita Pizza75
37%
Swede79
37%
Toffee Yum Yum118
35%
Cookies138
35%
Chocolate Hazelnut Doughnut148
32%
Patel de Nata244
32%
Yellow Pepper53
32%
Stonebaked White Roll127
30%
Bramley Apples143
30%
Pain au Raisin48
30%
Seasonal Squash98
30%
Celariac18
28%
Corn on the Cob21
28%
Sweet Buns381
28%
Cheese Twist72
26%
Low GI Multiseed Cob395
25%
Sourdough Boule136
23%
Cantaloupe Melon161
23%
Goats Cheese Foccia717
23%
Low GI Roll104
21%
Ring Doughnut146
16%
Scottish Morning Rolls172
14%
Organic Cucumber249
14%
Aspargus355
12%
Christmas Muffin402
12%
Cherry Custard Lattcie286
11%
Red Spring Onions322
11%
Filled Ring Doughnut149
9%
Haloween Doughnut158
9%
Snack Tomatoes384
7%
Lemons415
7%

Score Distribution

Percentile by Number Answered

Percent of People with Each Score

Your Score History

You have not taken this quiz